[Event "Druzynowe Mistrzostwa Polski w Szachach I LIGA 2021"]
[Site "Szklarska Poreba"]
[Date "1899-12-30"]
[Round "1.1"]
[White "Kovalenko, Igor"]
[Black "Tomczak, Mikolaj"]
[Result "1-0"]
[WhiteTitle "GM"]
[BlackTitle "IM"]
[WhiteElo "2651"]
[BlackElo "2435"]

1. d4 d5 2. c4 dxc4 3. Nf3 Nf6 4. e3 e6 5. Bxc4 a6 6. O-O c5 7. b3 b5 8. Be2 Bb7
9. a4 b4 10. Bb2 Nbd7 11. Nbd2 Be7 12. Rc1 Rc8 13. Ne5 cxd4 14. Bxd4 Nxe5 15.
Bxe5 O-O 16. Rxc8 Qxc8 17. Nc4 Ne4 18. Qc2 Rd8 19. Bf3 f5 20. Qb2 Bf8 21. Rc1
Qd7 22. Nb6 Qd2 23. Qxd2 Rxd2 24. h4 Nc5 25. Bxb7 Nxb7 26. Rc8 Na5 27. Kf1 Kf7
28. Rc7+ Ke8 29. Nc4 Nxc4 30. Rxc4 Rd5 31. Rc8+ Kf7 32. Rc7+ Kg6 33. Bd4 e5 34.
Bb2 Rd3 35. Bxe5 Rxb3 36. h5+ Kxh5 37. Rf7 Bc5 38. Rxg7 h6 39. Rc7 Rb1+ 40. Ke2
Rc1 41. Kd2 Rf1 42. Rxc5 Rxf2+ 43. Kd3 b3 44. Rc6 a5 45. Rb6 Rxg2 1-0

[Event "Druzynowe Mistrzostwa Polski w Szachach I LIGA 2021"]
[Site "Szklarska Poreba"]
[Date "1899-12-30"]
[Round "1.2"]
[White "Wisniewski, Michal"]
[Black "Neiksans, Arturs"]
[Result "1/2-1/2"]
[WhiteTitle "FM"]
[BlackTitle "GM"]
[WhiteElo "2152"]
[BlackElo "2565"]

1. d4 f5 2. g4 fxg4 3. h3 d5 4. hxg4 Bxg4 5. Qd3 Nf6 6. Nc3 e6 7. f3 Bf5 8. e4
Bg6 9. Bg5 Bb4 10. Qb5+ Nc6 11. O-O-O Bxc3 12. bxc3 dxe4 13. Qxb7 Ne7 14. Bc4
Ned5 15. Re1 Rb8 16. Qa6 Qd6 17. Qxd6 cxd6 18. Rh4 Kd7 19. Bxf6 gxf6 20. fxe4
Nxc3 21. Bb3 Rhc8 22. Kd2 Rc7 23. Re3 Rbc8 24. Nh3 e5 25. Nf2 Ke7 26. dxe5 dxe5
27. Rhh3 Nxa2 28. c3 Rb8 29. Bd5 Rb2+ 30. Ke1 Nc1 31. Nd1 Rc2 32. c4 Na2 33. Rb3
a5 34. Ne3 Rc1+ 35. Kd2 Rg1 36. Ra3 Nb4 37. Rxa5 Nc6 38. Ra6 Nd4 39. Bg8 Rb7 40.
Bxh7 Bf7 41. Nf5+ Nxf5 42. Bxf5 Bg8 43. Rh6 Rg2+ 44. Kc3 Rgb2 45. Ra3 R2b4 46.
Rg6 Rxc4+ 47. Kd3 Rd4+ 48. Ke3 Rb3+ 49. Rxb3 Bxb3 50. Rg7+ Kf8 51. Rh7 Bc4 52.
Rd7 Rxd7 53. Bxd7 Ke7 54. Ba4 Kd6 55. Be8 Be6 56. Ba4 Bd7 57. Bd1 f5 58. exf5
Bxf5 59. Ba4 e4 60. Kd4 1/2-1/2

[Event "Druzynowe Mistrzostwa Polski w Szachach I LIGA 2021"]
[Site "Szklarska Poreba"]
[Date "1899-12-30"]
[Round "1.3"]
[White "Kolosowski, Mateusz"]
[Black "Brozyna, Mateusz"]
[Result "1-0"]
[WhiteTitle "IM"]
[BlackTitle "FM"]
[WhiteElo "2448"]
[BlackElo "2297"]

1. e4 e5 2. Nf3 Nc6 3. d4 exd4 4. Nxd4 Bc5 5. Nxc6 Qf6 6. Qf3 dxc6 7. Nc3 Be6 8.
Qg3 O-O-O 9. Be3 Bxe3 10. Qxe3 Qd4 11. Qxd4 Rxd4 12. Rd1 Rxd1+ 13. Kxd1 Ne7 14.
g3 Rd8+ 15. Kc1 c5 16. f4 f6 17. Bg2 Nc6 18. e5 Nd4 19. exf6 gxf6 20. Re1 h5 21.
Ne4 Bd5 22. Bh3+ f5 23. c3 Bxe4 24. Rxe4 Nf3 25. Bxf5+ Kb8 26. Re2 Rg8 27. Rf2
Ng1 28. Rf1 Rf8 29. Be6 1-0

[Event "Druzynowe Mistrzostwa Polski w Szachach I LIGA 2021"]
[Site "Szklarska Poreba"]
[Date "1899-12-30"]
[Round "1.4"]
[White "Zochowski, Kacper"]
[Black "Sabuk, Piotr"]
[Result "1/2-1/2"]
[WhiteTitle "FM"]
[BlackTitle "IM"]
[WhiteElo "2233"]
[BlackElo "2393"]

1. c4 e5 2. g3 c6 3. d4 e4 4. Nc3 d5 5. Bg2 Bb4 6. Bd2 Bxc3 7. bxc3 Nf6 8. Bg5
O-O 9. cxd5 cxd5 10. Nh3 Nbd7 11. O-O h6 12. Bxf6 Nxf6 13. Qb3 Bf5 14. f3 Qd7
15. Nf2 Rfe8 16. Rac1 Rac8 17. Rfe1 h5 18. e3 h4 19. f4 Rc6 20. Bf1 a6 21. Rc2
hxg3 22. hxg3 Nh5 23. Nh1 Bg4 24. Rh2 Rg6 25. Kf2 Bf3 26. Bh3 Qc7 27. Bf5 Rh6
28. Rh4 Nxf4 29. Rxh6 Nd3+ 30. Kg1 gxh6 31. Rf1 Bxh1 32. Kxh1 Qxg3 33. Qc2 Kh8
34. Qh2 Qxh2+ 35. Kxh2 Re7 36. Bg4 Kg7 37. Rg1 Kf8 38. Rf1 Kg7 39. Rg1 Kf8 40.
Rf1 Rc7 41. Be6 Kg7 42. Bxd5 b5 43. Bxe4 Rxc3 44. Bd5 f6 45. Rg1+ Kf8 46. Rg6
Nb4 47. Bb3 Rxe3 48. Rxf6+ Ke7 49. Rxh6 Nxa2 50. Rxa6 Rxb3 51. Rxa2 Kd6 52. Ra8
Rd3 53. Rd8+ Kc7 54. Rd5 Kc6 55. Rd8 b4 56. Kg2 b3 57. Rb8 Kd5 58. Rb4 Ke4 59.
Kf2 Rh3 60. Ke1 Rd3 61. Ke2 Rc3 62. Kd2 Rc2+ 63. Kd1 Rc3 64. Kd2 Ke5 1/2-1/2

[Event "Druzynowe Mistrzostwa Polski w Szachach I LIGA 2021"]
[Site "Szklarska Poreba"]
[Date "1899-12-30"]
[Round "1.5"]
[White "Dubinski, Mateusz"]
[Black "Hasterok, Mateusz"]
[Result "0-1"]
[WhiteTitle "FM"]
[BlackTitle "k"]
[WhiteElo "2223"]
[BlackElo "2088"]

1. d4 Nf6 2. Nf3 e6 3. e3 c5 4. Bd3 b6 5. O-O Bb7 6. c4 Be7 7. Nc3 O-O 8. d5 exd5
9. cxd5 d6 10. e4 Nbd7 11. Nd2 Ne5 12. Be2 Ng6 13. f4 Qc8 14. a4 Re8 15. Nc4 Bf8
16. Qc2 Ba6 17. Bd2 Qb7 18. b3 Qd7 19. Rae1 Rab8 20. Bd3 Bc8 21. f5 Ne5 22. Nxe5
Rxe5 23. Nd1 Ne8 24. Ne3 f6 25. Bc3 Re7 26. b4 cxb4 27. Bxb4 Nc7 28. Nc4 Re8 29.
Na3 Ba6 30. Rf3 Bxd3 31. Rxd3 Na6 32. Bd2 Nc5 33. Rc3 a6 34. Be3 b5 35. axb5 axb5
36. Bxc5 dxc5 37. Rh3 c4 38. Qe2 Qa7+ 39. Kh1 Bxa3 40. Qh5 h6 41. Qg6 Qf2 42.
Rb1 Rxe4 0-1

[Event "Druzynowe Mistrzostwa Polski w Szachach I LIGA 2021"]
[Site "Szklarska Poreba"]
[Date "1899-12-30"]
[Round "1.6"]
[White "Rudzinska, Michalina"]
[Black "Toma, Katarzyna"]
[Result "1-0"]
[WhiteTitle "WFM"]
[BlackTitle "WGM"]
[WhiteElo "2222"]
[BlackElo "2289"]

1. e4 c5 2. Nf3 e6 3. d4 cxd4 4. Nxd4 Nc6 5. Nc3 a6 6. Be3 Nge7 7. Nb3 d6 8. a4
b6 9. Be2 Ng6 10. O-O Be7 11. f4 O-O 12. g3 Bb7 13. Bf3 Rc8 14. Qd2 Nb4 15. Qf2
Rc6 16. Rfd1 Qc7 17. Rd4 d5 18. exd5 exd5 19. Rd2 Bf6 20. Bd4 Rd8 21. Rad1 Ne7
22. Bxf6 Rxf6 23. Rd4 a5 24. R4d2 h6 25. Nb5 Qc8 26. c3 Na6 27. Re2 Ng6 28. h4
Qc4 29. N3d4 Nc5 30. h5 Nf8 31. Re7 Nfd7 32. Be2 Qxa4 33. Qe1 Qa2 34. Bg4 Nf8
35. b4 axb4 36. cxb4 Bc8 37. Bxc8 Rxc8 38. bxc5 bxc5 39. Nf3 Qb3 40. Qe2 d4 41.
Kh2 Ra8 42. Rd2 Rb6 43. Rb2 Qa4 44. Qe4 Qa1 45. Re2 Ra2 46. Re8 Rxe2+ 47. Qxe2
Rb7 48. Nd6 Rb1 49. Rxf8+ 1-0

[Event "Druzynowe Mistrzostwa Polski w Szachach I LIGA 2021"]
[Site "Szklarska Poreba"]
[Date "1899-12-30"]
[Round "1.7"]
[White "Ustianovich, Nazar"]
[Black "Kosakowski, Jakub"]
[Result "1/2-1/2"]
[WhiteTitle "FM"]
[BlackTitle "IM"]
[WhiteElo "2348"]
[BlackElo "2445"]

1. c4 Nf6 2. Nc3 g6 3. g3 c6 4. Bg2 d5 5. cxd5 cxd5 6. d4 Bg7 7. Nf3 O-O 8. Ne5
Bf5 9. O-O Ne4 10. Nxe4 dxe4 11. Qb3 Nc6 12. Nxc6 bxc6 13. e3 c5 14. dxc5 Qa5
15. Qc4 Rac8 16. c6 Rfd8 17. Bxe4 Bh3 18. b4 Bxf1 19. Kxf1 Qh5 20. Rb1 Qxh2 21.
Ke2 Be5 22. Bb2 Bxg3 23. Rf1 Bh4 24. Bd5 Bf6 25. Bxf7+ Kg7 26. Bxf6+ exf6 27.
Bd5 Qh5+ 28. Bf3 Qe5 29. Rc1 Rc7 30. b5 Qb2+ 31. Rc2 Qb1 32. Rc1 Qb2+ 33. Rc2
Qa3 34. Bd5 Rb8 35. Qf4 Qa5 36. a4 a6 37. Rb2 axb5 38. axb5 Qb6 39. Qd4 Qa5 40.
Qf4 Rxb5 41. Qxc7+ Qxc7 42. Rxb5 1/2-1/2

[Event "Druzynowe Mistrzostwa Polski w Szachach I LIGA 2021"]
[Site "Szklarska Poreba"]
[Date "1899-12-30"]
[Round "1.8"]
[White "Pacan-milej, Kosma"]
[Black "Pniaczek, Marek"]
[Result "0-1"]
[WhiteTitle "FM"]
[BlackTitle "CM"]
[WhiteElo "2401"]
[BlackElo "2314"]

1. d4 Nf6 2. c4 e6 3. Nf3 d5 4. Nc3 dxc4 5. e4 b5 6. e5 Nd5 7. Nxb5 Nb6 8. Be2
Nc6 9. O-O Be7 10. Qd2 O-O 11. Qf4 Rb8 12. Qg3 Kh8 13. Rd1 Ba6 14. Nc3 Nb4 15.
Ne4 Nd3 16. b3 Nxc1 17. Raxc1 Ba3 18. Rb1 c3 19. Bxa6 c2 20. Bd3 cxd1=Q+ 21. Rxd1
Be7 22. Neg5 Bxg5 23. Nxg5 h6 24. Nxe6 fxe6 25. Qg6 Rf5 26. Qxe6 Rf4 27. Qg6 Qg8
28. Rc1 Rxd4 29. Bf5 Rbd8 30. g3 Nd5 31. Be6 Ne7 0-1

[Event "Druzynowe Mistrzostwa Polski w Szachach I LIGA 2021"]
[Site "Szklarska Poreba"]
[Date "1899-12-30"]
[Round "1.9"]
[White "Smolka, Marcin"]
[Black "Olsen, Filip Boe"]
[Result "1/2-1/2"]
[WhiteTitle "k"]
[BlackTitle "IM"]
[WhiteElo "2210"]
[BlackElo "2378"]

1. e4 c6 2. d4 d5 3. Nc3 dxe4 4. Nxe4 Nd7 5. Nf3 Ngf6 6. Bd3 Nxe4 7. Bxe4 Nf6 8.
Bd3 Bf5 9. O-O Bg6 10. b3 e6 11. Bb2 Be7 12. Ne5 O-O 13. Bxg6 hxg6 14. Qf3 Nd7
15. Rad1 Qc7 16. Rd3 Rad8 17. Rfd1 Nxe5 18. dxe5 Qa5 19. a4 Rd5 20. g3 Rfd8 21.
c4 Rxd3 22. Rxd3 Bc5 23. Kg2 Kf8 24. Bc3 Qc7 25. Qd1 Rxd3 26. Qxd3 Ke8 27. b4
Be7 28. f4 Qb6 29. a5 Qc7 30. Kf3 b6 31. a6 Qd7 32. Qxd7+ Kxd7 33. b5 c5 34. Ke4
Ke8 35. g4 Bd8 36. f5 gxf5+ 37. gxf5 Kf8 38. Kf4 Kg8 39. Kg4 Kh7 40. Bd2 Bc7 41.
Bf4 Bb8 42. Bg3 Bc7 43. h3 Kh6 44. Bf4+ Kh7 45. Bg3 Kh6 46. Bf4+ Kh7 47. Bg3 1/2-1/2

[Event "Druzynowe Mistrzostwa Polski w Szachach I LIGA 2021"]
[Site "Szklarska Poreba"]
[Date "1899-12-30"]
[Round "1.10"]
[White "Maksimenko, Andrei"]
[Black "Musial, Tomasz"]
[Result "1/2-1/2"]
[WhiteTitle "GM"]
[BlackTitle "k"]
[WhiteElo "2460"]
[BlackElo "2096"]

1. d4 e6 2. c4 Nf6 3. Nf3 d5 4. Bg5 Be7 5. Nc3 O-O 6. e3 h6 7. Bh4 b6 8. Bd3 Bb7
9. O-O Nbd7 10. Qe2 Ne4 11. Bg3 Nxg3 12. hxg3 Nf6 13. Rfd1 dxc4 14. Bxc4 Ne4 15.
Nxe4 Bxe4 16. Ne5 Bd6 17. Bd3 Bxd3 18. Nxd3 Qc8 19. b4 Qb7 20. a4 Rfd8 21. Rac1
Rac8 22. Qa2 Qe4 23. Rc4 h5 24. Nf4 Qf5 25. Qe2 Qg4 26. Kf1 Bxf4 27. Qxg4 hxg4
28. gxf4 Kf8 29. Rdc1 Rd7 30. Ke2 Ke7 31. f3 gxf3+ 32. Kxf3 g6 33. g4 Kd8 34.
Ke4 f5+ 35. Kf3 Rh7 36. Kg3 Kd7 37. R4c2 Kd6 38. Rh2 1/2-1/2

[Event "Druzynowe Mistrzostwa Polski w Szachach I LIGA 2021"]
[Site "Szklarska Poreba"]
[Date "1899-12-30"]
[Round "1.11"]
[White "Bielczyk, Jacek"]
[Black "Pierzak, Rafael"]
[Result "1/2-1/2"]
[WhiteTitle "IM"]
[BlackTitle "k+"]
[WhiteElo "2264"]
[BlackElo "1936"]

1. e4 c6 2. d4 d5 3. exd5 cxd5 4. Bd3 Nc6 5. c3 Qc7 6. h3 e5 7. dxe5 Qxe5+ 8. Qe2
Qxe2+ 9. Nxe2 Bd6 10. O-O Nge7 11. Bf4 Be5 12. Re1 f6 13. Na3 a6 14. Nc2 Kf7 15.
Rad1 Rd8 16. Be3 Bc7 17. Bc5 b6 18. Ba3 Bf5 19. Bxf5 Nxf5 20. Ned4 Nfxd4 21. Nxd4
Nxd4 22. Re7+ Kg8 23. Rxd4 Bd6 24. Bxd6 Rxd6 25. Rg4 g6 26. Rh4 h5 27. g4 d4 28.
gxh5 dxc3 29. bxc3 gxh5 30. Rxh5 Rc8 31. Rhh7 Rxc3 32. h4 Rc1+ 33. Kg2 Rc2 34.
Rhg7+ Kh8 35. Rgf7 Kg8 36. h5 f5 37. Rxf5 Rxa2 38. Rb7 Ra5 39. Rxb6 Rxf5 40. Rxd6
Rxh5 41. Rxa6 1/2-1/2

[Event "Druzynowe Mistrzostwa Polski w Szachach I LIGA 2021"]
[Site "Szklarska Poreba"]
[Date "1899-12-30"]
[Round "1.12"]
[White "Kubicka, Anna"]
[Black "Murawko, Katarzyna"]
[Result "1-0"]
[WhiteTitle "WIM"]
[BlackTitle "WCM"]
[WhiteElo "2274"]
[BlackElo "1974"]

1. d4 d6 2. e4 g6 3. Nc3 Bg7 4. Be3 c6 5. Qd2 Nf6 6. f3 b5 7. h4 h5 8. Nh3 O-O
9. Ng5 Nbd7 10. Be2 Nb6 11. b3 Qc7 12. Kf2 b4 13. Nd1 a5 14. c3 bxc3 15. Nxc3
Bd7 16. Rac1 Qb7 17. Rcg1 c5 18. dxc5 dxc5 19. Rc1 Rfd8 20. Rhd1 Qc7 21. Nd5 Nbxd5
22. exd5 Bf5 23. Rxc5 Qh2 24. Bf4 Qxh4+ 25. Kg1 Ne4 26. fxe4 Bd4+ 27. Qxd4 Qxf4
28. exf5 Qxg5 29. fxg6 1-0

[Event "Druzynowe Mistrzostwa Polski w Szachach I LIGA 2021"]
[Site "Szklarska Poreba"]
[Date "1899-12-30"]
[Round "1.13"]
[White "Skawinski, Arkadiusz"]
[Black "Lubczynski, Rafal"]
[Result "1/2-1/2"]
[WhiteTitle "FM"]
[BlackTitle "IM"]
[WhiteElo "2359"]
[BlackElo "2429"]

1. e4 e5 2. Nf3 Nc6 3. Bb5 a6 4. Ba4 Nf6 5. O-O b5 6. Bb3 Be7 7. Re1 O-O 8. c3
d6 9. h3 Re8 10. Ng5 Rf8 11. Nf3 1/2-1/2

[Event "Druzynowe Mistrzostwa Polski w Szachach I LIGA 2021"]
[Site "Szklarska Poreba"]
[Date "1899-12-30"]
[Round "1.14"]
[White "Chojnacki, Krzysztof"]
[Black "Brodowski, Piotr"]
[Result "1/2-1/2"]
[WhiteTitle "IM"]
[BlackTitle "IM"]
[WhiteElo "2377"]
[BlackElo "2439"]

1. d4 g6 2. e4 Bg7 3. Bc4 c6 4. Nc3 d5 5. exd5 b5 6. Bb3 b4 7. Ne4 cxd5 8. Nc5
Nf6 9. Nf3 O-O 10. O-O Nc6 11. Ne5 Qd6 12. Nxc6 Qxc6 13. a3 bxa3 14. Rxa3 Bg4
15. Qe1 Qc7 16. Bg5 Bf5 17. Qd2 e5 18. Na6 Qb6 19. Bxf6 Bxf6 20. Nb4 Qxd4 21.
Qxd4 exd4 22. Nxd5 Bd8 23. Rd1 Rc8 24. Rxa7 Bxc2 25. Bxc2 Rxc2 26. g3 Rxb2 27.
Rxd4 1/2-1/2

[Event "Druzynowe Mistrzostwa Polski w Szachach I LIGA 2021"]
[Site "Szklarska Poreba"]
[Date "1899-12-30"]
[Round "1.15"]
[White "Luch, Michal"]
[Black "Raczynski, Krzysztof"]
[Result "1/2-1/2"]
[WhiteTitle "IM"]
[BlackTitle "k+"]
[WhiteElo "2383"]
[BlackElo "2193"]

1. d4 d6 2. Nf3 f5 3. g3 Nf6 4. Bg2 g6 5. O-O Bg7 6. b3 O-O 7. Bb2 c6 8. Nbd2 a5
9. a3 Na6 10. e3 h6 11. Qe2 g5 12. Ne1 e5 13. dxe5 Ng4 14. Nc4 Nxe5 15. Rd1 Nxc4
16. Bxg7 Kxg7 17. Qxc4 Qf6 18. Nf3 Be6 19. Qd4 Bd5 20. h4 Bxf3 21. Bxf3 Qxd4 22.
Rxd4 d5 23. c4 dxc4 24. Rxc4 Rad8 25. Rb1 Rfe8 26. hxg5 hxg5 27. Kg2 Re5 28. g4
fxg4 29. Rxg4 Nc7 30. Rh1 Ne6 31. b4 Rd3 32. bxa5 Rxa3 33. Be4 Raxa5 34. Rh7+
Kf6 35. Rxb7 1/2-1/2

[Event "Druzynowe Mistrzostwa Polski w Szachach I LIGA 2021"]
[Site "Szklarska Poreba"]
[Date "1899-12-30"]
[Round "1.16"]
[White "Wojdak, Jan"]
[Black "Butkiewicz, Lukasz"]
[Result "1-0"]
[WhiteTitle "I++"]
[BlackTitle "IM"]
[WhiteElo "2185"]
[BlackElo "2378"]

1. e4 c6 2. d4 d5 3. exd5 cxd5 4. c4 Nf6 5. Nc3 Nc6 6. Nf3 Be6 7. c5 g6 8. Bb5
Bg7 9. Ne5 Qc8 10. O-O O-O 11. Bxc6 bxc6 12. Re1 Nd7 13. Bf4 Nxe5 14. Bxe5 f6
15. Bg3 Re8 16. b4 Bf7 17. f4 Be6 18. a4 Bf5 19. b5 Kh8 20. Ra2 e5 21. fxe5 fxe5
22. Bxe5 Bxe5 23. dxe5 cxb5 24. Qd4 Qe6 25. axb5 Be4 26. Rf1 Kg8 27. Rf6 Qe7 28.
Raf2 Rad8 29. e6 Qg7 30. Qd2 Bf5 31. Rf7 Qh8 32. R2xf5 1-0

[Event "Druzynowe Mistrzostwa Polski w Szachach I LIGA 2021"]
[Site "Szklarska Poreba"]
[Date "1899-12-30"]
[Round "1.17"]
[White "Bronowicki, Mateusz"]
[Black "Bardeli, Lukasz"]
[Result "1/2-1/2"]
[WhiteTitle "FM"]
[BlackTitle "FM"]
[WhiteElo "2197"]
[BlackElo "2178"]

1. Nf3 d5 2. c4 e6 3. e3 Nf6 4. b3 Nbd7 5. Bb2 Bd6 6. Nc3 c6 7. Qc2 a6 8. Rg1 b5
9. g4 O-O 10. h4 b4 11. Na4 Bb7 12. c5 Bc7 13. Bd3 g6 14. h5 e5 15. hxg6 fxg6
16. Bxg6 e4 17. g5 Ng4 18. Bxh7+ Kxh7 19. Rxg4 Rxf3 20. Rxe4 dxe4 21. Qxe4+ Kg8
22. Qxf3 Ne5 23. Bxe5 Bxe5 24. d4 Qxg5 25. dxe5 Qg1+ 26. Ke2 Qxa1 27. Qg4+ Kh8
28. Qh5+ Kg8 29. Qg6+ Kh8 30. Qh6+ Kg8 31. Qg6+ Kh8 32. Qh6+ Kg8 33. Qg6+ 1/2-1/2

[Event "Druzynowe Mistrzostwa Polski w Szachach I LIGA 2021"]
[Site "Szklarska Poreba"]
[Date "1899-12-30"]
[Round "1.18"]
[White "Szelag, Zuzanna"]
[Black "Rudnicka, Ewa"]
[Result "0-1"]
[WhiteTitle "k"]
[BlackTitle "WFM"]
[WhiteElo "1839"]
[BlackElo "2147"]

1. e4 g6 2. d4 Bg7 3. Ne2 c6 4. Nbc3 d6 5. g3 Nf6 6. Bg2 O-O 7. O-O e5 8. h3 b5
9. a3 Bb7 10. Be3 Nbd7 11. Qd2 Nb6 12. b3 Re8 13. Rae1 Qc7 14. f4 a5 15. fxe5
dxe5 16. Bg5 Nfd7 17. Kh2 a4 18. Nb1 Nf8 19. Qe3 Nbd7 20. Bh6 exd4 21. Nxd4 Bxh6
22. Qxh6 Qe5 23. Nf3 Qg7 24. Qd2 axb3 25. cxb3 c5 26. Qd3 c4 27. bxc4 bxc4 28.
Qc2 Ne6 29. Rf2 Ndc5 30. Qxc4 Ra4 31. Qb5 Rd8 32. e5 Raa8 33. Rd2 Rxd2 34. Nbxd2
Rxa3 35. Qb4 Rd3 36. Rc1 Qf8 37. Rc3 Rxc3 38. Qxc3 Qa8 39. Qe3 Qa2 40. h4 h5 41.
Qc3 Bd5 42. Qe3 Kg7 43. Qc3 Bxf3 44. Nxf3 Ne4 45. Qc6 Nf2 46. Qb6 Qe2 47. Ng5
Ng4+ 48. Kh3 Nxg5+ 49. hxg5 Qxe5 50. Qd8 Ne3 51. Bh1 Qf5+ 52. Kh2 Qf2+ 53. Kh3
Qf1+ 0-1

[Event "Druzynowe Mistrzostwa Polski w Szachach I LIGA 2021"]
[Site "Szklarska Poreba"]
[Date "1899-12-30"]
[Round "1.19"]
[White "Kowalski, Igor"]
[Black "Tomczak, Jacek"]
[Result "1/2-1/2"]
[WhiteTitle "FM"]
[BlackTitle "GM"]
[WhiteElo "2378"]
[BlackElo "2589"]

1. d4 e6 2. c4 Bb4+ 3. Bd2 a5 4. Nf3 b6 5. Nc3 Bb7 6. e3 d6 7. Qc2 Nd7 8. O-O-O
Ngf6 9. Bd3 d5 10. a3 Bxc3 11. Bxc3 Qe7 12. cxd5 exd5 13. Ne5 h6 14. f4 Nxe5 15.
dxe5 Nd7 16. e4 dxe4 17. Bb5 O-O-O 18. b4 axb4 19. Bxb4 Nc5 20. Bxc5 1/2-1/2

[Event "Druzynowe Mistrzostwa Polski w Szachach I LIGA 2021"]
[Site "Szklarska Poreba"]
[Date "1899-12-30"]
[Round "1.20"]
[White "Laurusas, Tomas"]
[Black "Nowak, Lukasz"]
[Result "0-1"]
[WhiteTitle "IM"]
[BlackTitle "FM"]
[WhiteElo "2574"]
[BlackElo "2337"]

1. d4 Nf6 2. c4 g6 3. Nc3 d5 4. Nf3 Bg7 5. e3 O-O 6. Bd2 c5 7. dxc5 Na6 8. cxd5
Nxc5 9. Bc4 b5 10. Nxb5 Nxd5 11. O-O Nb6 12. Be2 Bxb2 13. Rb1 Bf6 14. Bb4 Ne4
15. Bd3 Bb7 16. Qe2 a6 17. Rbd1 Qb8 18. Nbd4 a5 19. Be1 Na4 20. Qc2 Nac5 21. Bb5
Rc8 22. Rb1 Qa7 23. Qe2 Nd6 24. a4 Be4 25. Rd1 Qb6 26. Bc3 Nxa4 27. Bxa4 Rxc3
28. Qa2 Qb4 29. Ra1 Nc4 30. Qe2 Bd3 31. Qe1 Bxf1 32. Bc6 Rc8 33. Rb1 Nb2 34. Bd7
R8c7 35. Qd2 Bd3 36. Re1 Rxd7 0-1

[Event "Druzynowe Mistrzostwa Polski w Szachach I LIGA 2021"]
[Site "Szklarska Poreba"]
[Date "1899-12-30"]
[Round "1.21"]
[White "Chylewski, Patryk"]
[Black "Warakomski, Tomasz"]
[Result "1/2-1/2"]
[WhiteTitle "FM"]
[BlackTitle "GM"]
[WhiteElo "2301"]
[BlackElo "2513"]

1. d4 Nf6 2. c4 e6 3. Nf3 c5 4. Nc3 cxd4 5. Nxd4 a6 6. e3 Qc7 7. Be2 Be7 8. O-O
O-O 9. Qc2 b6 10. b3 Bb7 11. Bb2 d6 12. Rac1 Nbd7 13. Bf3 Rfc8 14. Qe2 Bxf3 15.
Qxf3 Ne5 16. Qe2 Qb7 17. Rfd1 Bf8 18. h3 h6 19. Ba3 Rc7 20. e4 Rac8 21. Qe3 Rxc4
22. bxc4 Nxc4 23. Qd3 Nxa3 24. Nce2 d5 25. exd5 exd5 26. Nf5 Nc4 27. Qf3 Ne4 28.
Nf4 Ne5 29. Qh5 f6 30. Ng6 Rxc1 31. Rxc1 Bc5 32. Nfe7+ Bxe7 33. Rc8+ Kf7 34. Nxe5+
Ke6 35. Rc6+ Bd6 36. Qe8+ Qe7 37. Qxe7+ Kxe7 38. Nd3 Nc5 39. Nb4 Na4 40. Nxd5+
Kd7 41. Rc2 b5 42. Ne3 b4 43. Rd2 Kc7 44. Nf5 Bf8 45. Nd4 Nc5 46. Nb3 Nb7 47.
Rc2+ Kd7 48. Rd2+ Kc7 49. Nd4 Nc5 50. Kf1 a5 51. Nb3 Nb7 52. Ke2 a4 53. Nd4 Kd6
54. f4 Kd5 55. f5 Bd6 56. Ne6+ Ke5 57. g4 Na5 58. Kf3 Nc4 59. Rd4 Na3 60. Rd3
Nc2 61. Rd2 b3 62. axb3 axb3 63. Nd8 Nd4+ 64. Ke3 Bc5 65. Kd3 Bb4 66. Rb2 Kd5
67. Ne6 Nxe6 68. fxe6 Kxe6 69. Rxb3 Be7 70. Rb6+ Ke5 71. Rb7 Ke6 72. Rb8 f5 73.
Rb6+ Ke5 74. Rb5+ Kf4 75. gxf5 Bf6 76. Ke2 Be5 77. Kf2 Kxf5 78. Kf3 g5 79. Ra5
h5 80. Rb5 g4+ 81. hxg4+ hxg4+ 82. Ke3 g3 83. Kf3 Ke6 84. Rxe5+ Kxe5 85. Kxg3
1/2-1/2

[Event "Druzynowe Mistrzostwa Polski w Szachach I LIGA 2021"]
[Site "Szklarska Poreba"]
[Date "1899-12-30"]
[Round "1.22"]
[White "Kantans, Toms"]
[Black "Kokoszczynski, Jan"]
[Result "1-0"]
[WhiteTitle "GM"]
[BlackTitle "FM"]
[WhiteElo "2481"]
[BlackElo "2279"]

1. Nf3 d5 2. g3 Nf6 3. Bg2 e6 4. O-O Be7 5. d3 c5 6. c4 Nc6 7. cxd5 exd5 8. d4
O-O 9. Nc3 c4 10. Ne5 h6 11. Be3 Qa5 12. a3 Rd8 13. f4 Bf5 14. h3 h5 15. Kh2 Rac8
16. Bf3 b5 17. Bf2 Bf8 18. e3 b4 19. axb4 Qxb4 20. g4 hxg4 21. hxg4 Be4 22. g5
Nxe5 23. fxe5 Bxf3 24. Qxf3 Ne4 25. Nxe4 dxe4 26. Qxe4 Qxb2 27. Rxa7 Qb6 28. Rfa1
c3 29. g6 Qxg6 30. Qxg6 fxg6 31. Rc1 Bb4 32. Kg2 Rc4 33. Rc2 g5 34. Bg3 Kh7 35.
Kf3 Rc6 36. Ke4 Kg6 37. Ra4 Be7 38. d5 Rcc8 39. d6 Bf8 40. Kd5 Rd7 41. e6 Rdd8
42. Ra7 1-0

[Event "Druzynowe Mistrzostwa Polski w Szachach I LIGA 2021"]
[Site "Szklarska Poreba"]
[Date "1899-12-30"]
[Round "1.23"]
[White "Golecki, Jan"]
[Black "Schippers, Maurice"]
[Result "0-1"]
[WhiteTitle "k"]
[BlackTitle "FM"]
[WhiteElo "2249"]
[BlackElo "2285"]

1. e4 c5 2. Nf3 e6 3. d4 cxd4 4. Nxd4 Nf6 5. Nc3 Nc6 6. a3 d6 7. Be2 Be7 8. Be3
e5 9. Nb3 Be6 10. Bf3 O-O 11. g4 Nd7 12. Nd5 Bg5 13. Bxg5 Qxg5 14. h4 Qd8 15.
g5 Rc8 16. c3 Ne7 17. Bg4 Nxd5 18. exd5 Bxg4 19. Qxg4 f5 20. gxf6 Nxf6 21. Qb4
Nxd5 22. Qxb7 Nf4 23. O-O-O Rb8 24. Qc6 Rb6 25. Qa4 Qb8 26. Kc2 Qb7 27. c4 Rb8
28. Qe8+ 0-1

[Event "Druzynowe Mistrzostwa Polski w Szachach I LIGA 2021"]
[Site "Szklarska Poreba"]
[Date "1899-12-30"]
[Round "1.24"]
[White "Warakomska, Anna"]
[Black "Moscicka, Pola"]
[Result "1-0"]
[WhiteTitle "WGM"]
[BlackTitle "k++"]
[WhiteElo "2279"]
[BlackElo "1916"]

1. e4 c5 2. Nf3 Nc6 3. Bb5 g6 4. O-O Bg7 5. c3 e5 6. d4 cxd4 7. cxd4 exd4 8. Bf4
Nge7 9. Bd6 O-O 10. Nbd2 a6 11. Bd3 b6 12. a4 Bb7 13. Qb3 Na5 14. Qa2 Bc6 15.
b4 Nb7 16. Be5 Bxe5 17. Nxe5 Qc7 18. Nef3 d5 19. e5 Bd7 20. Rac1 Qb8 21. Rfe1
Nc6 22. Qb2 Re8 23. Bxa6 Nxb4 24. Bxb7 Nd3 25. Qxd4 Nxe1 26. Bxa8 Nxf3+ 27. Nxf3
Qxa8 28. Ra1 Qa5 29. h3 Rc8 30. Qh4 Qc3 31. Rd1 Qc4 32. Rd4 Qc1+ 33. Kh2 h6 34.
Rxd5 g5 35. Qd4 Rc4 36. Qd2 Bxa4 37. Rd8+ Kg7 38. Qd6 Qf4+ 39. g3 Qxf3 40. Qf8+
Kg6 41. Rd6+ Kf5 42. Qxf7+ 1-0

[Event "Druzynowe Mistrzostwa Polski w Szachach I LIGA 2021"]
[Site "Szklarska Poreba"]
[Date "1899-12-30"]
[Round "1.25"]
[White "Klimkowski, Jan"]
[Black "Antoniewski, Rafal"]
[Result "1/2-1/2"]
[WhiteTitle "FM"]
[BlackTitle "GM"]
[WhiteElo "2342"]
[BlackElo "2493"]

1. e4 c6 2. d4 d5 3. e5 Bf5 4. Nd2 e6 5. Nb3 Nd7 6. Nf3 h6 7. Be2 Qc7 8. O-O Ne7
9. a4 g5 10. Bd2 a5 11. Rc1 Bg7 12. c4 dxc4 13. Bxc4 Nd5 14. Ne1 O-O 15. Nc2 f6
16. Ne3 fxe5 17. Nxf5 Rxf5 18. Qe1 Kh8 19. Bd3 Rf7 20. h4 Nf4 21. Bxf4 gxf4 22.
Nc5 Nf8 23. Qe4 Qd6 24. dxe5 Qxe5 25. Rfe1 Qxe4 26. Rxe4 e5 27. Bc4 Re7 28. Nd3
Bf6 29. Rce1 Rae8 30. g3 fxg3 31. fxg3 Nd7 32. Kg2 Nb6 33. Bb3 Nd5 34. Bc4 Bg7
35. Kh3 Nb6 36. Bb3 Nc8 37. R4e2 Bf6 38. Nc5 Bg7 39. Nd3 Bf6 40. Nc5 Bg7 41. Nd3
1/2-1/2

[Event "Druzynowe Mistrzostwa Polski w Szachach I LIGA 2021"]
[Site "Szklarska Poreba"]
[Date "1899-12-30"]
[Round "1.26"]
[White "Cyborowski, Lukasz"]
[Black "Szadkowski, Kamil"]
[Result "1-0"]
[WhiteTitle "GM"]
[BlackTitle "FM"]
[WhiteElo "2495"]
[BlackElo "2338"]

1. c4 Nf6 2. Nc3 e5 3. Nf3 Nc6 4. a3 d5 5. cxd5 Nxd5 6. d3 Be7 7. e3 O-O 8. Be2
Be6 9. O-O f5 10. Qc2 a5 11. Bd2 Kh8 12. Na4 g5 13. d4 exd4 14. Nxd4 Nxd4 15.
exd4 b6 16. Rfe1 f4 17. Bf3 g4 18. Rxe6 gxf3 19. Nc3 Rg8 20. g3 fxg3 21. hxg3
Nf6 22. Qf5 Rg6 23. Qxf3 Bd6 24. Rae1 Qf8 25. Bf4 Rd8 26. d5 Qg7 27. Bxd6 cxd6
28. Ne4 Nxe4 29. R1xe4 Qxb2 30. Rxg6 hxg6 31. Kg2 Qg7 32. Re6 Rf8 33. Qe4 Qf7
34. Qe3 Kg8 35. Rxd6 Re8 36. Qxb6 1-0